000 00677nam a2200217 i 4500
001 88284
003 ES-MaACL
005 20230906175830.0
007 t|
008 050103s1981 sp ||||1| spa d
100 1 _aLaín Entralgo, Pedro,
_d1908-2001
_969681
245 1 0 _aMás de cien españoles /
_cPedro Laín Entralgo.
250 _a[1ª ed.].
260 _aBarcelona :
_bPlaneta,
_c[1981]
300 _a372 p. :
_bil. ;
_c25 cm.
490 1 _aEspejo de España. Serie Los españoles ;
_v68
740 0 _aMás de 100 españoles.
830 0 _aEspejo de España. Serie Los españoles ;
_v68
_9178159
852 _aES-MaACL
_jL-6509
_bR.107363
999 _c88284
_d88284